000 02885pam a2200361 i 4500
001 2025002353
003 DLC
005 20251105141406.0
007 t
008 250712s2025 nyuab b 001 0 eng c
010 _a 2025002353
020 _a9781524746131
_q(hbk.)
020 _z9781524746155
_q(ebk.)
035 _a(OCoLC)1468663174
040 _aLBSOR
_beng
_erda
_cLBSOR
_dDLC-MRC
_dTnLvILS
042 _apcc
043 _an-usp--
050 0 0 _aF591
_b.H986 2025
082 0 4 _a978
_223/eng/20250724
092 _ageneral nonfiction
_b978 Hutton, Paul Andrew
100 1 _aHutton, Paul Andrew,
_d1949-
_eauthor
_4aut
_4http://id.loc.gov/ vocabulary/relators/aut
_920488
245 1 4 _aThe undiscovered country :
_btriumph, tragedy, and the shaping of the American West /
_cPaul Andrew Hutton.
264 1 _aNew York, NY :
_bDutton,
_c[2025]
300 _avii, 565 pages :
_billustrations, maps ;
_c24 cm
336 _atext
337 _aunmediated
338 _avolume
504 _aIncludes bibliographical references and index
520 _a"From the author of The Apache Wars, the true story of the American West, revealing how American ambition clashed with the realities of violence and exploitation The epic of the American West became a tale of progress, redemption, and glorious conquest that came to shape the identity of a new nation. Over time a darker story emerged-one of ghastly violence and environmental spoliation that stained this identity. The Undiscovered Country strips away the layers of myth to reveal the true story of this first epoch of American history. From the forests of Pennsylvania and Kentucky to the snow-crested California Sierras, and from the harsh deserts of the Southwest to the buffalo range of the Great Plains, Paul Andrew Hutton masterfully chronicles a story that defined America and its people. From Braddock's 1755 defeat to the 1890 Wounded Knee massacre, he unfolds a grand narrative steeped in romantic impulses and tragic consequences. Hutton uses seven main protagonists-Daniel Boone, Red Eagle, Davy Crockett, Mangas Coloradas, Kit Carson, Sitting Bull, and William "Buffalo Bill" Cody-as the biographical threads by which to weave a tapestry across seven generations, revealing a story of heroic conquest and dark tragedy, of sacrifice and greed, and of man-made wonders and environmental ruin. The American frontier movement has proven eternally fascinating around the world-the subject of countless books, paintings, poems, television shows, and films. The Undiscovered Country reveals the truth behind America's great creation myth"--Provided by publisher
651 0 _aWest (U.S.)
_xHistory
_993830
776 0 8 _iOnline version
_aHutton, Paul Andrew, 1949-
_tUndiscovered country
_dNew York, NY : Dutton, [2025]
_z9781524746155
_w(DLC) 2025002354
942 _2ddc
_cBOOK
999 _c411952
_d411952